[Event "National-chT China 2017"]
[Site "Beijing"]
[Date "2017.06.08"]
[Round "3"]
[White "Zhang, Xiao"]
[Black "Wang, Yu A"]
[Result "1/2-1/2"]
[WhiteElo "1913"]
[BlackElo "2354"]
[Annotator "TA"]
[PlyCount "203"]
[EventDate "2017.??.??"]
[EventCountry "CHN"]
[SourceTitle "playchess.com"]
[Source "ChessBase"]
[SourceQuality "1"]

{[%evp 21,203,22,28,10,32,14,27,5,25,2,11,5,27,25,33,31,27,-54,-34,-37,-25,-16,-15,-17,-22,-101,-45,-38,-35,-37,-35,-85,-83,-106,-88,-118,-126,-141,-142,-167,-172,-191,-155,-173,-126,-144,-127,-208,-208,-212,-214,-201,-174,-209,-212,-210,-106,-106,-106,-106,-106,-106,-110,-151,-115,-163,-163,-175,-164,-177,-177,-220,-177,-220,-220,-220,-177,-220,-199,-177,-177,-177,-139,-139,-139,-135,-139,-156,-8,-8,0,0,0,0,0,0,0,0,0,-14,0,0,0,0,0,0,0,0,0,0,0,0,0,0,0,0,0,0,0,0,0,0,0,0,0,0,0,-8,-8,-8,-8,-8,0,0,0,-8,-8,-8,-8,-8,-8,-8,-8,-8,-8,-8,-8,-8,-8,-8,0,0,0,0,0,-8,0,0,0,-8,-8,-8,-8,-8,-8,-8,-8,-8,-8,-8,-8,-8,-8,-8,-8,-8,-8,-8,-8,-8,0,0,0,0]} 1. d4 d5 2. c4 c6 3. Nf3 Nf6 4. e3 e6 5. Bd3 Nbd7 6. Nbd2 Bd6 7. O-O O-O 8. e4 dxe4 9. Nxe4 Nxe4 10. Bxe4 c5 11. dxc5 {D46: Semi-Slav: 5 e3 Nbd7 6 Bd3, Black avoids the Meran} (11. Bc2 Qc7 12. Qd3 f5 13. Rd1 cxd4 14. Qxd4 Bc5 15. Qc3 a5 16. Be3 b6 17. Bxc5 bxc5 18. Ba4 Nb6 19. Bb5 Bd7 {1-0 (35) Fressinet,L (2712)-Hansen,C (2621) Oslo 2015}) 11... Nxc5 {LiveBook: 3 Games} 12. Bc2 {Threatening b4.} a5 13. Be3 $146 {White is slightly better.} ({Predecessor:} 13. Qd4 Qc7 14. Rd1 Ra6 15. Bd2 e5 16. Qh4 h6 17. Bc3 f6 18. b3 Bd7 19. Qh5 Bc6 20. Nh4 Be4 21. Rac1 Qf7 22. Qxf7+ Kxf7 {½-½ (22) Domogaev,S (2442)-Simantsev,M (2556) Kireevsk 2011}) 13... b6 14. Ng5 f5 15. Re1 (15. Bxc5 bxc5 16. Nf3 (16. Qh5 h6 $17) 16... Bb7 $15) (15. Qh5 $5 {[%cal Rh5h7]} h6 16. Nf3 $11) 15... Qe7 16. Qf3 Ra7 17. Rad1 h6 18. Qc6 Rd8 19. Bxc5 ({Much weaker is} 19. Qxb6 Ra6 $17) (19. Nf3 $11) 19... bxc5 $15 20. Nh3 $1 Qc7 $36 {[%mdl 2048] Black is more active.} 21. Qxc7 Rxc7 22. Nf4 Kf7 23. Rd3 (23. Ba4 $11) 23... Be7 ({Black should play} 23... Rcd7 $17 24. Nxe6 Re8) 24. Rxd8 Bxd8 25. Nd3 Bf6 26. h3 g5 27. Ba4 Bb7 28. f3 Bd4+ 29. Kh2 Kf6 30. Re2 e5 31. Nc1 e4 32. fxe4 Bxe4 33. Nb3 Be5+ 34. Kg1 (34. Kh1 $17) 34... Bd3 $19 35. Rd2 Bxc4 36. Nxa5 Bd4+ 37. Kh2 Bxa2 38. Nc6 Be5+ (38... Rd7 $19 39. Nxd4 Rxd4 40. Rxd4 cxd4) 39. Nxe5 $17 Kxe5 {[%mdl 4096] Endgame KRB-KRB} 40. b4 Bd5 ({Reject} 40... cxb4 $6 41. Rxa2 Ra7 42. h4 $11) 41. bxc5 Rxc5 42. Rc2 Ra5 43. Bd7 Be4 44. Re2 Kf4 45. Be6 h5 {[%cal Bh6h5,Bh5h4][%mdl 32]} 46. Bf7 h4 47. Be6 Ra1 48. Bd7 Ra3 49. Bc8 Ra4 50. Bd7 Rd4 51. Bc8 g4 52. hxg4 fxg4 53. Rf2+ Kg5 54. Rf8 g3+ (54... Bg6 $17 {aiming for ...g3+.} 55. Rg8 Rd6) 55. Kh3 $11 {The position is equal.} Rd1 {[%cal Rd1h1]} (55... Bg6 $5 {[%cal Rd4d1]} 56. Rg8 Ra4 $17) 56. Rg8+ Bg6 {[#]} (56... Kf4 {keeps more tension.} 57. Rf8+ Ke3 58. Kxh4 Bxg2 59. Kxg3 Bc6) 57. Rxg6+ $1 {[%mdl 512]} Kxg6 58. Kxh4 {KR-KB} Rd3 59. Kg4 Kf6 (59... Rd1 {is interesting.} 60. Kxg3 Kg5 61. Bb7 Rd8 62. Bf3 Rd3) 60. Bb7 Ke5 61. Bf3 Kd4 (61... Rxf3 $5 62. Kxf3 Kf5 $11) 62. Kxg3 Ke3 63. Kg4 Rd8 64. Kf5 Rg8 65. Ke5 Rg5+ 66. Kf6 Kf4 67. Ke6 Rg6+ 68. Kd5 Rg5+ 69. Ke6 Ra5 70. Kd6 Ra6+ 71. Kd5 Rg6 72. Kc4 Ke5 73. Kc5 Rg8 74. Kc6 Rc8+ 75. Kd7 Rc3 76. Bc6 Kf6 77. Kd6 Rd3+ 78. Bd5 Rd2 79. Kc6 Ke5 80. Bf3 Rd3 81. Kc7 Ke6 82. Bg4+ Kd5 83. Kd7 Re3 84. Bf3+ Kc5 85. Bb7 Re1 (85... Rb3 $5 {[%cal Rb3b7]} 86. Bf3 Rb6 $11) 86. Bf3 Kd4 87. Kd6 $1 Re5 88. Kc6 Rc5+ 89. Kd6 Re5 90. Kc6 $1 Rg5 91. Kd7 Rg6 92. Bc6 Ke5 93. Bf3 Ra6 94. Kc7 Ke6 95. Bg4+ Kd5 96. Bf3+ Kc5 97. Kd7 (97. Bb7 $5 {[%cal Rb7a6]} Rg6 98. Bf3 $11) 97... Rh6 98. Ke7 Kd4 99. Kf7 Ke5 100. Bg4 (100. Kg7 $5 {[%cal Rg7h6]} Ra6 101. Be2 $11) 100... Rb6 101. Bh3 Ra6 102. Bg4 {Precision: White = 59%, Black = 57%.} 1/2-1/2

[Event "National-chT China 2017"]
[Site "Beijing"]
[Date "2017.06.09"]
[Round "4"]
[White "Yu, Yangyi"]
[Black "Zhao, Jun"]
[Result "*"]
[WhiteElo "2749"]
[BlackElo "2624"]
[Annotator "TA"]
[PlyCount "38"]
[EventDate "2017.??.??"]
[EventCountry "CHN"]
[SourceTitle "playchess.com"]
[Source "ChessBase"]
[SourceQuality "1"]

{[%evp 21,24,27,64,36,66]} 1. c4 Nf6 2. Nc3 g6 3. d4 Bg7 4. e4 d6 5. Be2 O-O 6. Bg5 Na6 7. Qd2 e5 8. d5 Qe8 9. Bd1 Nc5 10. Bc2 a5 11. Nge2 Bd7 12. O-O {E73: King's Indian: Averbakh Variation without 6...c5} h5 (12... Kh8 13. b3 Ng8 14. Be3 f5 15. exf5 gxf5 16. f4 b6 17. Rae1 Qg6 18. Rf3 Nf6 19. fxe5 dxe5 {1-0 (34) Ni,H (2691)-Bosiocic,M (2554) Karlsruhe 2016}) {Predecessor:} 13. b3 $146 Nh7 14. Be3 Qe7 15. a3 h4 16. f3 Bf6 17. b4 Na6 18. Rab1 axb4 19. axb4 Bg5 {1-0 (35) Murshed,N (2479)-Ramnath,B (2352) Petaling Jaya 2013} *

[Event "National-chT China 2017"]
[Site "Beijing"]
[Date "2017.06.09"]
[Round "4"]
[White "Yu, Yangyi"]
[Black "Zhao, Jun"]
[Result "1-0"]
[WhiteElo "2749"]
[BlackElo "2624"]
[Annotator "TA"]
[PlyCount "259"]
[EventDate "2017.??.??"]
[EventCountry "CHN"]
[SourceTitle "playchess.com"]
[Source "ChessBase"]
[SourceQuality "1"]

{[%evp 23,259,44,81,75,78,25,72,54,53,39,46,21,66,35,42,39,38,48,35,47,45,36,49,9,89,73,87,72,92,51,41,57,82,70,100,100,106,77,118,58,61,52,70,73,72,65,37,57,50,37,37,37,37,37,49,37,37,37,37,37,37,37,37,37,37,37,37,37,52,44,44,44,60,44,67,44,44,44,44,37,44,37,44,44,44,44,44,44,44,19,19,0,44,44,44,19,19,22,44,44,44,44,44,44,37,8,8,0,44,0,8,8,8,0,19,0,0,0,0,0,0,0,0,0,0,0,0,0,19,8,8,8,44,44,44,44,44,44,44,44,45,0,0,0,8,0,0,0,8,0,14,11,11,0,0,0,0,0,0,0,0,0,0,0,8,0,0,0,0,0,0,0,8,0,8,8,8,8,18,8,8,8,26,31,53,53,53,53,53,53,53,53,72,72,72,72,72,72,72,0,72,72,72,72,72,16,25,12,174,174,220,219,1209,1093,4137,4137,4137,4137,29959,4137,4137,4137,3618,1595,4137,4137,814,814,29972,4137,2367,1581,29980,29981,29984,29985,29984,29985]} 1. c4 Nf6 2. Nc3 g6 3. d4 Bg7 4. e4 d6 5. Be2 O-O 6. Bg5 Na6 7. Qd2 e5 8. d5 Qe8 9. Bd1 Nc5 10. Bc2 a5 11. Nge2 Bd7 12. O-O {E73: King's Indian: Averbakh Variation without 6...c5} h5 {LiveBook: 4 Games} (12... Kh8 13. b3 Ng8 14. Be3 f5 15. exf5 gxf5 16. f4 b6 17. Rae1 Qg6 18. Rf3 Nf6 19. fxe5 dxe5 {1-0 (34) Ni,H (2691)-Bosiocic,M (2554) Karlsruhe 2016}) 13. b3 Nh7 14. Bh6 $146 (14. Be3 $16) ({Predecessor:} 14. Be3 Qe7 15. a3 h4 16. f3 Bf6 17. b4 Na6 18. Rab1 axb4 19. axb4 Bg5 {1-0 (35) Murshed,N (2479)-Ramnath,B (2352) Petaling Jaya 2013}) 14... Qe7 15. Bxg7 Kxg7 16. a3 h4 17. h3 Nf6 18. b4 axb4 19. axb4 Rxa1 20. Rxa1 Na6 21. Nd1 {[%cal Bc3d1,Bd1e3,Be3g4][%mdl 32]} Bc8 22. Ne3 Nh5 23. Bd3 Nb8 (23... Qg5 $11 {remains equal.}) 24. Ra8 Nd7 25. Ng4 $36 {[%mdl 2048] White is in control.} Rh8 26. Qe3 Nb6 27. Ra7 Nd7 28. Nh2 Re8 29. Bc2 Rh8 30. Qc3 Nhf6 31. Ra5 ({White should play} 31. Nf3 $16) 31... c5 32. dxc6 bxc6 33. Ra7 Qd8 34. c5 dxc5 35. bxc5 Qe7 36. Nf3 Qxc5 37. Qxc5 Nxc5 38. Nxe5 Bb7 39. Nd4 {[#] Hoping for Nb3.} Ra8 40. Rxa8 Bxa8 41. f3 Nh5 42. Nexc6 Bxc6 43. Nxc6 $14 {[%mdl 4096] Endgame KBN-KNN} Nf4 44. Kf2 Kf6 45. Bb1 Kg7 46. Ba2 f6 47. Bc4 Nd7 48. Bf1 Ne5 49. Nb4 g5 50. Nd5 Neg6 51. Ne3 Nh5 52. Bb5 Ne5 53. Ke2 Nf4+ 54. Kd2 Kf7 55. Kc3 Ke7 56. Kd4 Ne6+ 57. Kc3 (57. Kd5 $5 {[%cal Re3f5]} Nc7+ 58. Kc5 $14) 57... Nf4 58. Kb4 Kd6 59. Nf5+ Ke6 60. Bf1 Kd7 61. Kc5 Ne6+ 62. Kb6 Nf4 63. Ne3 Kd6 64. Kb7 Kd7 65. Nf5 Kd8 66. Ne3 Kd7 67. Bb5+ Kd6 68. Kb6 Neg6 69. Ba4 Ne5 70. Nf5+ Ke6 71. Bb3+ Kd7 72. Ba4+ Ke6 73. Bb3+ (73. Kc7 {seems wilder.} Ned3 74. Ne3 Ne1 75. Bd7+ Kf7 76. Kd6) 73... Kd7 74. Ne3 Kd6 75. Kb5 Kd7 (75... Nxg2 $5 76. Nxg2 Nxf3 $11) 76. Kc5 Ned3+ 77. Kd4 Kd6 78. Bc4 Ne5 79. Nf5+ Kd7 80. Bf1 Ke6 81. Ke3 {Threatens to win with Nxh4!} Neg6 82. g3 hxg3 83. Nxg3 Nh4 84. Nh1 Ke7 85. Nf2 Nhg6 86. Ng4 Ke6 87. Nh6 Nh4 88. Bc4+ Kd6 89. Ng4 Ke7 90. Bf1 Ke6 91. Nf2 Kd6 92. Nd1 Ke5 93. Nb2 Kd6 94. Nc4+ Ke6 95. Na5 Kd6 96. Nb3 Ke6 97. Kf2 Ke5 98. Na5 Nh5 99. Nc6+ Kd6 100. Nb4 Ng6 101. Nd5 Ke5 102. Ne3 Nhf4 103. Kg3 Ke6 104. Bc4+ Ke7 105. Ba6 Ne5 106. h4 Nh5+ 107. Kf2 gxh4 108. Nf5+ Kf7 109. Nxh4 Nf4 110. Kg3 Nh5+ 111. Kf2 Nf4 $1 112. Ke3 Nfg6 113. Nf5 Ne7 114. Ng3 ({Better is} 114. Nxe7 $16 Kxe7 115. f4) 114... f5 $1 $11 115. f4 ({Much less strong is} 115. Nxf5 Nxf5+ 116. exf5 Kf6 $16) 115... N5g6 $2 (115... Ke6 $11 {and Black has nothing to worry.}) 116. Bc4+ $18 ({Worse is} 116. Nxf5 Nxf5+ 117. exf5 Ne7 $11) ({But not} 116. exf5 $6 Nd5+ 117. Ke4 Ndxf4 $14) 116... Kf8 117. exf5 {[%cal Be4f5,Bf5f6][%mdl 32]} Nh8 $2 (117... Nh4 118. Ke4 Ng8) 118. f6 Nc8 119. Ne4 Nf7 120. Ng5 Ncd6 121. Bd5 (121. Bxf7 $142 Nxf7 122. Ke4 Nd6+ 123. Ke5 Nb7 124. f5 Ke8 125. f7+ Ke7 126. f6+ Kf8 127. Kf5) 121... Nf5+ 122. Ke4 {[#] Nh7+ would kill now.} N5d6+ 123. Kf3 Nh6 124. Be6 Nb5 125. Ke4 Nd6+ 126. Ke5 (126. Kd5 $142 Nb7 127. f7 Kg7 128. f5 Nxf7 129. Nxf7 Kf6 130. Kc6 Na5+ 131. Kc5) 126... Nb7 127. Bd5 Nc5 128. Kd6 {White mates.} Nd3 129. Kd7 {[%cal Rg5h7]} Nc5+ 130. Kd8 {Precision: White = 49%, Black = 53%.} 1-0

[Event "National-chT China 2017"]
[Site "Beijing"]
[Date "2017.06.09"]
[Round "4"]
[White "Ma, Qun"]
[Black "Wei, Yi"]
[Result "1/2-1/2"]
[WhiteElo "2637"]
[BlackElo "2728"]
[Annotator "TA"]
[PlyCount "60"]
[EventDate "2017.??.??"]
[EventCountry "CHN"]
[SourceTitle "playchess.com"]
[Source "ChessBase"]
[SourceQuality "1"]

{[%evp 20,60,2,0,0,0,0,0,-2,-2,-6,-10,-14,-11,-11,-10,-9,-9,0,0,0,0,0,0,0,0,0,0,0,0,0,0,0,-74,0,0,0,0,0,0,0,0,0]} 1. e4 e5 2. Nf3 Nc6 3. Bc4 Bc5 4. c3 Nf6 5. d4 exd4 6. cxd4 Bb4+ 7. Bd2 Bxd2+ 8. Nbxd2 d5 9. exd5 Nxd5 10. O-O O-O 11. Rc1 Nb6 {C54: Giuoco Piano: 4 c3 Nf6, main lines with 5 d4 and 5 d3} 12. Bb3 a5 {[%cal Ba7a5,Ba5a4][%mdl 32]} 13. a3 (13. Nc4 Nxc4 14. Bxc4 Bg4 15. d5 Ne5 16. Be2 Bxf3 17. Bxf3 Qd6 18. g3 Rfe8 19. Bg2 {0-1 (54) Harikrishna,P (2753)-Tomashevsky,E (2728) Huaian 2016}) 13... a4 $146 ({Predecessor:} 13... Bg4 14. h3 Bh5 15. Rc5 Bg6 16. Nc4 Nxc4 17. Bxc4 Qd6 18. Qc1 Nxd4 19. Nxd4 Qxd4 {1-0 (49) Savenkov,K (2365)-Lutsenko,A (2086) Moscow 2017}) 14. Ba2 Nxd4 15. Nxd4 Qxd4 16. Rxc7 Qxb2 17. Nc4 $1 {[%cal Rc4b2]} Nxc4 18. Bxc4 Qf6 ({Much weaker is} 18... Qxa3 $6 19. Qd4 $14) 19. Re1 Be6 20. Bxe6 $1 fxe6 21. Qe2 Rf7 22. Rxf7 Qxf7 23. Qxe6 Qxe6 24. Rxe6 $11 {[%mdl 4096] Endgame KR-KR} Rc8 {[#] ( -> ...Rc1+)} 25. h4 Rc3 26. Re4 (26. Re7 $11 {remains equal.}) 26... b5 (26... Rxa3 $17 {Threatens to win with ...b5.} 27. Rb4 Kf7 28. Rxb7+ Kf6) 27. Re5 {The position is equal.} Rb3 28. Kh2 Kf7 29. h5 Kf6 ({Resist} 29... Rxa3 30. Rxb5 Ra1 31. Rb7+ Kf6 32. Rb6+ Kg5 33. Rb5+ Kf6 34. Rb6+ Kg5 35. Rb7 $15) 30. f4 b4 {Precision: White = 86%, Black = 76%.} 1/2-1/2

[Event "National-chT China 2017"]
[Site "Beijing"]
[Date "2017.06.09"]
[Round "4"]
[White "Wen, Yang"]
[Black "Li, Chao b"]
[Result "1/2-1/2"]
[WhiteElo "2617"]
[BlackElo "2720"]
[Annotator "TA"]
[PlyCount "73"]
[EventDate "2017.??.??"]
[EventCountry "CHN"]
[SourceTitle "playchess.com"]
[Source "ChessBase"]
[SourceQuality "1"]

{[%evp 19,73,38,34,25,36,8,8,8,8,8,8,16,15,5,6,3,8,9,11,10,12,11,12,3,2,0,2,0,0,-11,0,0,0,0,0,0,0,0,0,0,0,0,6,0,9,0,0,0,0,0,0,0,0,0,0,0]} 1. d4 d5 2. c4 c6 3. Nf3 Nf6 4. Nc3 a6 5. e3 Bf5 6. Ne5 {D15: Slav Defence: 4 Nc3 a6 and gambit lines after 4 Nc3 dxc4} Nbd7 7. Qb3 Qc7 8. cxd5 Nxe5 9. dxe5 Nxd5 10. Nxd5 cxd5 {LiveBook: 36 Games} 11. Bd2 Qxe5 12. Bc3 Qc7 {The position is equal.} 13. Qxd5 e6 {[#]} 14. Qc4 $146 Qxc4 15. Bxc4 Rc8 16. Be2 Be4 17. f3 Bc6 18. Kf2 f6 19. Rhd1 Bc5 20. Rac1 Bb6 21. Bd4 Bxd4 22. Rxd4 Ke7 23. Rdc4 Rhd8 24. Ke1 Bd7 25. Rxc8 Rxc8 26. Rxc8 Bxc8 $11 {[%mdl 4096] Endgame KB-KB} 27. Kd2 e5 28. Bc4 g5 29. g3 Kd6 30. Kc3 (30. Bd3 $5 {[%cal Rd3h7]}) 30... Bd7 31. f4 h6 32. h4 a5 33. hxg5 hxg5 34. fxg5 fxg5 35. b4 axb4+ 36. Kxb4 b6 37. a3 {Precision: White = 54%, Black = 72%.} 1/2-1/2

[Event "National-chT China 2017"]
[Site "Beijing"]
[Date "2017.06.09"]
[Round "4"]
[White "Xiu, Deshun"]
[Black "Liu, Qingnan"]
[Result "0-1"]
[WhiteElo "2554"]
[BlackElo "2503"]
[Annotator "TA"]
[PlyCount "110"]
[EventDate "2017.??.??"]
[EventCountry "CHN"]
[SourceTitle "playchess.com"]
[Source "ChessBase"]
[SourceQuality "1"]

{[%evp 13,110,12,12,8,11,12,18,13,19,12,26,31,31,26,32,24,37,25,20,21,37,0,0,0,29,20,13,8,13,0,0,0,0,0,0,0,17,7,16,0,0,-8,-13,-16,-16,-48,-50,-61,-72,-52,-56,-52,-56,-60,-42,-104,0,-59,-55,-54,-46,-56,-53,-56,-64,-281,-269,-295,-280,-290,-301,-321,-328,-274,-285,-482,-477,-619,-614,-583,-565,-2550,-2408,-2306,-2074,-2273,-2531,-29978,-29979,-29983,-29984,-29984,-29985,-29985,-29986,-29986,-29987,-29987,-29988]} 1. d4 Nf6 2. c4 c6 3. Nc3 d5 4. cxd5 cxd5 5. Bf4 Nc6 {[%cal Bb8c6,Bc6a5,Ba5c4][%mdl 32]} 6. e3 Bf5 7. Qb3 Na5 8. Qa4+ {D10: Slav Defence: 3 cxd5 (without early Nf3) and 3 Nc3} Bd7 9. Qc2 {next Nb5 is good for White.} Rc8 10. Nf3 {The position is equal.} (10. Bd3 b5 11. a3 g6 12. Nf3 Bg7 13. Qe2 a6 14. h3 O-O 15. Ne5 Be6 {0-1 (59) Rakhmanov,A (2654)-Shirov,A (2673) Finland 2017}) 10... e6 11. Bd3 Nc4 (11... Be7 {keeps more tension.} 12. h3 b5 13. a3 O-O 14. O-O a6) 12. O-O Bd6 13. Bxd6 Nxd6 14. Qb3 Qb6 $146 ({Predecessor:} 14... O-O 15. Ne5 a6 {1-0 (24) Brooks,P (2163)-Leko,I (1588) London 2016}) 15. Ne5 Qxb3 16. axb3 a6 17. Rfc1 Ke7 18. f3 Bb5 (18... Rhd8 {with more complications.} 19. Na4 Bb5 20. Bxb5 Rxc1+ 21. Rxc1 Nxb5 22. Nb6 Ne8) 19. Nxb5 Nxb5 20. Bxb5 axb5 21. Rc5 Rxc5 22. dxc5 $11 {[%mdl 4096] Endgame Ra7 is the strong threat. KRN-KRN} Nd7 23. Nd3 Rc8 24. b4 Kd8 25. Ra5 Kc7 26. Ne1 Ne5 27. Nc2 Nc6 28. Ra1 e5 29. Na3 Nxb4 {And now ...Kc6 would win.} 30. Nxb5+ Kd7 31. Ra4 Nc2 32. b4 $1 Nxe3 33. Nd6 Rc7 34. Nb5 (34. Nxf7 $15 Nc4 35. Ra7) 34... Rc8 35. Nd6 Rb8 $1 36. Kf2 Nd1+ 37. Ke1 $1 {[%cal Re1d1]} Nb2 $1 {[%cal Rb2a4]} 38. Ra3 b6 39. Kd2 $2 (39. Ra7+ $15 Kc6 40. Nxf7) 39... bxc5 $19 40. bxc5 Kc6 41. Ra5 {[#]} f5 $1 {[%mdl 512]} 42. f4 (42. Nxf5 Nc4+) 42... e4 ({Resist} 42... exf4 43. Kc3 $19) 43. Kc3 g6 44. Nf7 $2 (44. g3) 44... Nc4 45. Ne5+ Nxe5 46. fxe5 Rb5 47. Rxb5 Kxb5 {KP-KP} 48. e6 Kc6 49. Kd4 f4 {[%cal Bf5f4,Bf4f3][%mdl 32]} 50. h4 h6 {Black mates.} 51. Ke5 {[#]} f3 $1 {[%cal Rf3f2]} 52. e7 Kd7 53. gxf3 exf3 {[%cal Be4f3,Bf3f2][%mdl 32]} 54. Kf6 f2 55. c6+ Ke8 {Precision: White = 42%, Black = 79%.} 0-1

[Event "National-chT China 2017"]
[Site "Beijing"]
[Date "2017.06.09"]
[Round "4"]
[White "Gao, Rui"]
[Black "Yu, Ruiyuan"]
[Result "*"]
[WhiteElo "2543"]
[BlackElo "2510"]
[Annotator "ChessBase"]
[PlyCount "57"]
[EventDate "2017.??.??"]
[EventCountry "CHN"]
[TimeControl "40/5400+30:1800+30"]

1. e4 c6 2. d4 d5 3. Nc3 dxe4 4. Nxe4 Bf5 5. Ng3 Bg6 6. h4 h6 7. Nf3 Nd7 8. h5 Bh7 9. Bd3 Bxd3 10. Qxd3 e6 11. Bf4 Qa5+ 12. Bd2 Qc7 13. O-O-O Ngf6 14. Ne4 O-O-O 15. g3 Nxe4 16. Qxe4 Nf6 17. Qe2 Bd6 18. Kb1 Rd7 19. c4 c5 20. Ne5 Bxe5 21. dxe5 Ng8 22. Bc3 Ne7 23. Rxd7 Qxd7 24. Rd1 Qc7 25. Qg4 Rd8 26. Rxd8+ Qxd8 27. Kc2 Qg8 28. Qe4 Qf8 29. Qd3 *

[Event "National-chT China 2017"]
[Site "Beijing"]
[Date "2017.06.09"]
[Round "4"]
[White "Xu, Jun"]
[Black "Bai, Jinshi"]
[Result "*"]
[WhiteElo "2514"]
[BlackElo "2573"]
[Annotator "ChessBase"]
[PlyCount "45"]
[EventDate "2017.??.??"]
[EventCountry "CHN"]
[TimeControl "40/5400+30:1800+30"]

1. d4 Nf6 2. c4 g6 3. Nc3 d5 4. cxd5 Nxd5 5. e4 Nxc3 6. bxc3 Bg7 7. Nf3 c5 8. Rb1 O-O 9. Be2 Nc6 10. d5 Ne5 11. Nxe5 Bxe5 12. Qd2 e6 13. f4 Bg7 14. c4 exd5 15. cxd5 Bd4 16. Bb2 Qb6 17. Bd3 c4 18. Bxc4 Re8 19. Qxd4 Qxd4 20. Bxd4 Rxe4+ 21. Kd2 Rxd4+ 22. Kc3 Rxf4 23. d6 *

[Event "National-chT China 2017"]
[Site "Beijing"]
[Date "2017.06.09"]
[Round "4"]
[White "Lin, Chen"]
[Black "Xiang, Zeyu"]
[Result "*"]
[WhiteElo "2455"]
[BlackElo "2402"]
[Annotator "ChessBase"]
[PlyCount "36"]
[EventDate "2017.??.??"]
[EventCountry "CHN"]
[TimeControl "40/5400+30:1800+30"]

1. e4 e5 2. Nf3 Nc6 3. Bb5 Nf6 4. O-O Nxe4 5. Re1 Nd6 6. Nxe5 Nxe5 7. Rxe5+ Be7 8. Nc3 O-O 9. Bf1 Ne8 10. Nd5 Bd6 11. Re1 c6 12. Ne3 Be7 13. c4 Bf6 14. d4 d5 15. cxd5 cxd5 16. b3 Nc7 17. Ba3 Re8 18. Rc1 Be6 *

[Event "National-chT China 2017"]
[Site "Beijing"]
[Date "2017.06.09"]
[Round "4"]
[White "Wang, Jue"]
[Black "Ning, Kaiyu"]
[Result "1-0"]
[WhiteElo "2367"]
[BlackElo "2078"]
[Annotator "TA"]
[PlyCount "61"]
[EventDate "2017.??.??"]
[EventCountry "CHN"]
[SourceTitle "playchess.com"]
[Source "ChessBase"]
[SourceQuality "1"]

{[%evp 11,61,14,46,39,45,24,49,36,37,38,44,47,45,39,48,49,41,30,38,35,39,40,58,52,77,73,125,94,93,94,106,94,94,92,97,86,81,79,101,41,57,34,60,65,198,198,399,381,565,563,872,891]} 1. e4 e6 2. d4 d5 3. Nc3 {[%cal Bb1c3,Bc3e4,Be4g5][%mdl 32]} dxe4 4. Nxe4 Bd7 5. Nf3 Bc6 6. Neg5 Be7 7. Bc4 {C10: French with 3 Nc3: Unusual Black 3rd moves and 3...dxe4} Bd5 8. Bd3 Nd7 9. c4 {White is slightly better.} Bxf3 10. Nxf3 Ngf6 11. O-O O-O 12. Qe2 c5 $146 ({Predecessor:} 12... Re8 13. b3 c6 14. Bb2 Qc7 {1-0 (41) Wei,Y (2727)-Fang,Y (2443) China 2017}) 13. Bc2 Re8 14. b3 {[%cal Bb2b3,Bb3b4][%mdl 32]} cxd4 15. Nxd4 a6 16. Bb2 Qa5 17. a3 Rad8 18. b4 Qc7 (18... Qh5 $142) 19. Rac1 Nb8 20. Ba4 Nc6 21. Nxc6 bxc6 22. Be5 Qb6 23. Qf3 {Threatens to win with c5.} Rc8 24. Bc3 $36 {[%mdl 2048] White is in control.} Red8 25. c5 ({White should try} 25. Rfd1 $16) 25... Qb7 26. Qg3 Nh5 27. Qh3 Rd5 (27... Nf6 $14) 28. Bb3 $18 Rg5 $2 {[#]} (28... Bf6 29. Bxd5 Nf4) 29. f4 Nxf4 (29... Rf5 $142 30. Bc2 g6 31. Bxf5 exf5) 30. Rxf4 Bxc5+ 31. Kh1 {Precision: White = 79%, Black = 33%.} ({Less strong is} 31. bxc5 Qxb3 32. Rcf1 Rf8 $18) 1-0